000 00411nam a2200181Ia 4500
008 090124s9999 xx 000 0 und d
082 _b132798
100 _aबगे आशा
245 _a भूमी
250 _a1
260 _c2004
300 _a262
600 _aबगे आशा
630 _a भूमी
700 _aबगे आशा
730 _a भूमी
942 _cBOOK
999 _c178945
_d178945